000 00893nam a2200253Ia 4500
008 130821s1997 ag gr spa
020 _a9502009975
040 _aCo-BoUCM
_bspa
041 0 0 _aspa
100 1 _aDupuis, Juan Carlos G.
_9157357
245 1 0 _aMediación y conciliación Mediación patrimonial y familiar, conciliación laboral
_cJuan Carlos G. Dupuis
260 _aBuenos Aires (Argentina)
_bAbeledo-Perrot
_c1997
300 _a477 páginas
504 _aIncluye índice
650 0 4 _aConciliación (Procedimiento civil)
_911465
650 0 4 _aConciliación (Procedimiento laboral)
_911466
650 0 4 _aDerecho procesal
_912822
650 0 4 _aMediación
_919113
650 0 4 _aMediación
_zArgentina
_919113
650 0 4 _aSolución de conflictos
_924842
651 _aArgentina
_9442
942 _cLIBRO
_2DEWEY
_a8
_e1
_h347.09
_mD87
999 _c26321
_d26321